Statistics for World Map 30 X 32 Puzzle - 4 Largest Cities by Number of Letters

Click here to take the quiz!

General Stats

  • This quiz has been taken 258 times
  • The average score is 96 of 137

Answer Stats

Cities City 1 City 2 Piece % Correct
2 New York, Washington
96%
2 São Paulo, Rio de JaneiroRio de Janeiro
96%
2 New York, Washington
96%
2 New York, Washington
96%
2 New York, WashingtonNew YorkWashington
96%
2 São Paulo, Rio de JaneiroSão Paulo
96%
2 New York, Washington
96%
Mexico City
95%
Mexico CityMexico City
95%
Mexico City
95%
Mexico City
95%
Mexico City
95%
Los Angeles
94%
Los Angeles
94%
Los AngelesLos Angeles
94%
Los Angeles
94%
Los Angeles
94%
2 Shanghai, Beijing
93%
LondonLondon
92%
London
92%
London
92%
London
92%
London
92%
2 Tokyo, Osaka
91%
3 Tokyo, Osaka, Seoul
91%
3 Tokyo, Osaka, Seoul
91%
2 Guangzhou, Shanghai
91%
2 Tokyo, OsakaTokyoOsaka
91%
2 Tokyo, Osaka
91%
Buenos Aires
90%
Buenos Aires
90%
2 Beijing, SeoulSeoul
90%
2 Beijing, SeoulBeijing
90%
Buenos Aires
90%
Buenos AiresBuenos Aires
90%
Buenos Aires
90%
Moscow
89%
Moscow
89%
Moscow
89%
Moscow
89%
MoscowMoscow
89%
3 Delhi, Karachi, HyderabadKarachiHyderabad
89%
3 Delhi, Karachi, HyderabadDelhi
89%
2 Rome, IstanbulRome
88%
2 Rome, IstanbulIstanbul
88%
Rio de Janeiro
87%
Rio de Janeiro
87%
JohannesburgJohannesburg
87%
Jakarta
87%
JakartaJakarta
87%
Johannesburg
87%
Johannesburg
87%
Rio de Janeiro
87%
4 Mumbai, Bengaluru, Hyderabad, PuneMumbaiPune
87%
Johannesburg
87%
Jakarta
87%
Jakarta
87%
Johannesburg
87%
Jakarta
87%
Shanghai
86%
2 Guangzhou, Manila
86%
Shanghai
86%
ShanghaiShanghai
86%
4 Mumbai, Pune, Karachi, Hyderabad
86%
3 Mumbai, Hyderabad, PuneHyderabad
85%
2 Manila, Ho Chi Minh City
83%
LimaLima
83%
2 Manila, Ho Chi Minh City
83%
Lima
83%
3 Mumbai, Bengaluru, PuneBengaluru
83%
Lima
83%
Lima
83%
2 Istanbul, Alexandria
83%
Lima
83%
Delhi
82%
Delhi
82%
Beijing
82%
Delhi
82%
Beijing
82%
2 Mumbai, Pune
79%
ManilaManila
77%
Istanbul
77%
Istanbul
77%
Manila
77%
São Paulo
75%
São Paulo
75%
São Paulo
75%
Rome
74%
Rome
74%
Rome
74%
KinshasaKinshasa
73%
Kinshasa
73%
Kinshasa
73%
Kinshasa
73%
Kinshasa
73%
Guangzhou
65%
Guangzhou
65%
GuangzhouGuangzhou
65%
2 Karachi, Hyderabad
61%
2 Karachi, Hyderabad
61%
Seoul
60%
Alexandria
51%
AlexandriaAlexandria
51%
Alexandria
51%
Alexandria
51%
2 Bengaluru, Hyderabad
50%
Ho Chi Minh City
47%
Ho Chi Minh City
47%
Ho Chi Minh CityHo Chi Minh City
47%
Bengaluru
36%
Bengaluru
36%
Hyderabad
31%
Hyderabad
31%
Fes
28%
Fes
28%
FesFes
28%
Fes
28%
Fes
28%
Kano
27%
KanoKano
27%
Kano
27%
2 Kano, Aba
27%
Kano
27%
Ufa
25%
UfaUfa
25%
Ufa
25%
Ufa
25%
Ufa
25%
Qom
13%
Qom
13%
QomQom
13%
Qom
13%
Qom
13%
Aba
8%
Aba
8%
AbaAba
8%
Aba
8%

Score Distribution

Percentile by Number Answered

Percent of People with Each Score

Your Score History

You have not taken this quiz